[Event "Los Angeles 1000GM Spring op"]
[Site "Los Angeles"]
[Date "2023.03.17"]
[Round "1"]
[White "Katz, Alexander R"]
[Black "Liu, Patrick"]
[Result "1-0"]
[WhiteElo "2470"]
[BlackElo "2052"]
[PlyCount "165"]
[EventDate "2023.03.17"]
[EventType "swiss"]
[EventRounds "9"]
[EventCountry "USA"]
[SourceTitle "CBM 213 Extra"]
[Source "ChessBase"]
[SourceDate "2023.05.31"]
[SourceVersion "1"]
[SourceVersionDate "2023.05.31"]
[SourceQuality "1"]

1. e4 c5 2. Nf3 g6 3. c3 Bg7 4. d4 cxd4 5. cxd4 d5 6. e5 a6 7. Nc3 Nc6 8. h3 e6 9. Bd3 f6 10. exf6 Nxf6 11. 0-0 0-0 12. Re1 Nh5 13. Be3 Nf4 14. Bf1 Qf6 15. Nh2 Qf5 16. Qd2 Bd7 17. Ne2 Nxe2+ 18. Bxe2 e5 19. dxe5 Qxe5 20. Bc5 Rfd8 21. Bf3 Qxb2 22. Bxd5+ Kh8 23. Qxb2 Bxb2 24. Rab1 Bf5 25. Bxc6 Bxb1 26. Rxb1 bxc6 27. Rxb2 Rd1+ 28. Nf1 Re8 29. Be3 c5 30. Rc2 Rb8 31. Rxc5 Rbb1 32. Ra5 Rxf1+ 33. Kh2 Rfd1 34. Rxa6 Rd5 35. Bh6 Rb8 36. Ra7 Rdb5 37. Bf4 R8b7 38. Ra8+ Kg7 39. a4 Rb3 40. a5 Re7 41. a6 Rb2 42. a7 Ra2 43. Be3 Ra4 44. g4 h5 45. g5 Rd7 46. Kg3 Re7 47. Kg2 Rd7 48. Bc5 Ra5 49. Bb6 Ra6 50. Be3 Ra4 51. Kf3 Rf7+ 52. Ke2 Rd7 53. h4 Ra2+ 54. Kf3 Ra4 55. Bc5 Ra5 56. Bb6 Ra6 57. Rc8 Raxa7 58. Bxa7 Rxa7 59. Ke4 Re7+ 60. Kd5 Rf7 61. Rc2 Rf4 62. Ke5 Rf5+ 63. Ke4 Rf7 64. f4 Re7+ 65. Kd5 Rf7 66. Rc4 Rf5+ 67. Ke4 Rf7 68. Rc5 Re7+ 69. Kd5 Rf7 70. Rc4 Rf5+ 71. Ke4 Rf7 72. Rc6 Re7+ 73. Kd5 Rf7 74. Ke5 Rf5+ 75. Ke4 Ra5 76. Rc7+ Kf8 77. Rd7 Ra4+ 78. Ke5 Rb4 79. Rd4 Rb6 80. Rd6 Rb5+ 81. Kf6 Rf5+ 82. Kxg6 Rxf4 83. Rf6+ 1-0

[Event "Titled Tuesday intern op 14th Feb Late"]
[Site "Chess.com INT"]
[Date "2023.02.14"]
[Round "3"]
[White "Fernandez Garcia, Gumersindo"]
[Black "Katz, Alexander R"]
[Result "0-1"]
[WhiteElo "2172"]
[BlackElo "2470"]
[PlyCount "94"]
[EventDate "2023.02.14"]
[EventType "swiss (blitz)"]
[EventRounds "11"]
[EventCountry "USA"]
[SourceTitle "CBM 212 Extra"]
[Source "ChessBase"]
[SourceDate "2023.03.31"]
[SourceVersion "1"]
[SourceVersionDate "2023.03.31"]
[SourceQuality "1"]

1. e4 c6 2. c4 d5 3. cxd5 cxd5 4. exd5 Nf6 5. Nc3 Nxd5 6. Nf3 Nc6 7. Bb5 e6 8. d4 Bd7 9. Nxd5 exd5 10. 0-0 Be7 11. Bf4 0-0 12. Re1 Rc8 13. h3 Re8 14. Bd3 Bf6 15. Rxe8+ Qxe8 16. a3 g6 17. Be3 Qf8 18. Rc1 Qg7 19. Bb5 a6 20. Ba4 Bf5 21. Bb3 Be4 22. Rc5 Rd8 23. Ng5 Bxd4 24. Bxd4 Qxd4 25. Qxd4 Nxd4 26. Nxe4 dxe4 27. Rd5 Nc6 28. Kf1 Kf8 29. Rxd8+ Nxd8 30. Bd5 f5 31. Ke2 Ke7 32. Ke3 Kd6 33. Bg8 Nc6 34. Bxh7 Ne7 35. h4 Ke5 36. h5 f4+ 37. Ke2 gxh5 38. g3 f3+ 39. Ke3 Nd5+ 40. Kd2 Nf6 41. Bg6 Ng4 42. Bxh5 Nxf2 43. Be8 Kd4 44. Bd7 e3+ 45. Ke1 Nd3+ 46. Kd1 e2+ 47. Kc2 e1Q 0-1

[Event "Titled Tuesday intern op 14th Feb Early"]
[Site "Chess.com INT"]
[Date "2023.02.14"]
[Round "1"]
[White "Idnani, Roshan R"]
[Black "Katz, Alexander R"]
[Result "0-1"]
[WhiteElo "2082"]
[BlackElo "2470"]
[PlyCount "26"]
[EventDate "2023.02.14"]
[EventType "swiss (blitz)"]
[EventRounds "11"]
[EventCountry "USA"]
[SourceTitle "CBM 212 Extra"]
[Source "ChessBase"]
[SourceDate "2023.03.31"]
[SourceVersion "1"]
[SourceVersionDate "2023.03.31"]
[SourceQuality "1"]

1. e4 c6 2. d4 d5 3. e5 Bf5 4. Nf3 e6 5. Be2 c5 6. 0-0 Nc6 7. Be3 Qb6 8. c4 dxc4 9. Bxc4 Rd8 10. d5 exd5 11. Bxd5 Nb4 12. Nc3 Nxd5 13. Nxd5 Qc6 0-1

[Event "Titled Tuesday intern op 14th Feb Early"]
[Site "Chess.com INT"]
[Date "2023.02.14"]
[Round "2"]
[White "Katz, Alexander R"]
[Black "Narayanan, Sunilduth Lyna"]
[Result "0-1"]
[WhiteElo "2470"]
[BlackElo "2669"]
[PlyCount "66"]
[EventDate "2023.02.14"]
[EventType "swiss (blitz)"]
[EventRounds "11"]
[EventCountry "USA"]
[SourceTitle "CBM 212 Extra"]
[Source "ChessBase"]
[SourceDate "2023.03.31"]
[SourceVersion "1"]
[SourceVersionDate "2023.03.31"]
[SourceQuality "1"]

1. e4 e6 2. d4 d5 3. Nd2 c5 4. exd5 Qxd5 5. Ngf3 cxd4 6. Bc4 Qd8 7. 0-0 Nc6 8. Nb3 Nf6 9. Nbxd4 Nxd4 10. Nxd4 a6 11. Re1 Be7 12. c3 0-0 13. Qf3 Qc7 14. Bb3 Bd7 15. Bf4 Qb6 16. Be5 Bc6 17. Nxc6 bxc6 18. Rad1 Rfd8 19. Rxd8+ Rxd8 20. Rd1 c5 21. g3 Rxd1+ 22. Qxd1 h6 23. Qd3 Qc6 24. Bc4 Nd7 25. Bf4 g5 26. Bc1 Ne5 27. Qf1 Nf3+ 28. Kh1 Nd2+ 29. Qg2 Qxg2+ 30. Kxg2 Nxc4 31. b3 Nb6 32. c4 f5 33. Kf3 Kf7 0-1